[Event "OBEM 2015"]
[Site "Germany , Bremen"]
[Date "2015.03.31"]
[Round "5.22"]
[White "Balazs, Kata"]
[Black "Mulde, Ralf"]
[Result "0-1"]
[WhiteElo "1747"]
[BlackElo "2012"]
[PlyCount "30"]

1. d4 d5 2. c4 dxc4 3. e3 e5 4. dxe5 Qxd1+ 5. Kxd1 Nc6 6. Bxc4 Nxe5 7. Bb3 Nd3
8. Nh3 Bxh3 9. gxh3 Nxf2+ 10. Ke2 Nxh1 11. Bd5 O-O-O 12. Bxh1 Bd6 13. Nc3 Nf6
14. Bd2 c6 15. Bf3 Bxh2 0-1

[Event "OBEM 2015"]
[Site "Germany , Bremen"]
[Date "2015.03.31"]
[Round "5.32"]
[White "Bensmann, Jannis"]
[Black "Rademacher, Uwe"]
[Result "1-0"]
[WhiteElo "841"]
[BlackElo "1773"]
[PlyCount "53"]

1. d4 c6 2. Bf4 d5 3. e3 Nf6 4. Bd3 e6 5. Nf3 Bd6 6. Bxd6 Qxd6 7. Nbd2 Nbd7 8.
O-O c5 9. c3 c4 10. Bc2 O-O 11. e4 dxe4 12. Nxe4 Nxe4 13. Bxe4 Nf6 14. Qc2 Nxe4
15. Qxe4 Bd7 16. Ne5 b5 17. Nxd7 Qxd7 18. Rad1 Rfe8 19. d5 Rad8 20. d6 e5 21.
Rd2 Re6 22. Rfd1 g6 23. Qd5 Kg7 24. Qc5 Rc8 25. Qe3 Rc6 26. f3 Rcxd6 27. Rxd6
1-0

[Event "OBEM 2015"]
[Site "Germany , Bremen"]
[Date "2015.03.31"]
[Round "5.43"]
[White "Buecker, Niklas"]
[Black "Rose, Helmut"]
[Result "0-1"]
[WhiteElo "921"]
[BlackElo "1400"]
[PlyCount "58"]

1. d4 d5 2. Bf4 e6 3. Nc3 Nf6 4. f3 c5 5. Qd2 Nc6 6. Nb5 e5 7. dxe5 a6 8. Nd6+
Bxd6 9. exd6 O-O 10. g4 Be6 11. h4 Ne8 12. h5 Nxd6 13. h6 Nc4 14. Qc3 d4 15.
Qd3 Nb4 16. Qe4 Bd5 17. Qf5 g6 18. Qg5 Nxc2+ 19. Kd1 Nxa1 20. e4 dxe3 21. Bxe3
Bxf3+ 22. Ke1 Qd1+ 23. Kf2 Bxh1 24. Qf6 Qc2+ 25. Kg3 Qxb2 26. Qh4 Nxe3 27. Qxh1
Nxf1+ 28. Kh3 Qc3+ 29. Nf3 Nd2 0-1

[Event "OBEM 2015"]
[Site "Germany , Bremen"]
[Date "2015.03.31"]
[Round "5.48"]
[White "Bilek, Thomas"]
[Black "Bilek, Sadat"]
[Result "1-0"]
[WhiteElo "1000"]
[BlackElo "1000"]
[PlyCount "61"]

1. d4 d6 2. e4 d5 3. Nc3 e6 4. Bd3 dxe4 5. Bxe4 Bb4 6. Qd3 Qd6 7. Qb5+ c6 8.
Qd3 Nf6 9. Bd2 Nbd7 10. Nf3 O-O 11. O-O b6 12. Ng5 Nxe4 13. Qxe4 Nf6 14. Qh4 c5
15. Nce4 h6 16. Nxd6 Bxd2 17. Ngxf7 Ba6 18. Rfd1 g5 19. Qh3 g4 20. Nxh6+ Kg7
21. Nxg4 Rh8 22. Qg3 Nh5 23. Qe5+ Kg8 24. Qxe6+ Kh7 25. Qf7+ Ng7 26. Nf6+ Kh6
27. Rxd2 cxd4 28. Rxd4 Raf8 29. Rh4+ Kg5 30. Rg4+ Kh6 31. Qg6# 1-0

[Event "OBEM 2015"]
[Site "Germany , Bremen"]
[Date "2015.03.31"]
[Round "5.25"]
[White "Ficken, Hartmut"]
[Black "Schwenteck, Peter"]
[Result "0-1"]
[WhiteElo "1698"]
[BlackElo "1888"]
[PlyCount "44"]

1. e4 e6 2. d4 d5 3. exd5 exd5 4. Bd3 Nc6 5. c3 Bd6 6. Nf3 Bg4 7. O-O Qd7 8. b4
Nge7 9. Be3 Ng6 10. Be2 O-O 11. Nfd2 Bf5 12. g3 Rae8 13. Bf3 Bh3 14. Bg2 Bxg2
15. Kxg2 f5 16. Nb3 f4 17. Bd2 f3+ 18. Kh1 Qh3 19. Rg1 Nh4 20. Qf1 Ng2 21. Be3
Rf5 22. N1d2 Qxh2+ 0-1

[Event "OBEM 2015"]
[Site "Germany , Bremen"]
[Date "2015.03.31"]
[Round "5.7"]
[White "Kardoeus, David"]
[Black "Jung, Gerald"]
[Result "1-0"]
[WhiteElo "2108"]
[BlackElo "1953"]
[PlyCount "61"]

1. e4 c5 2. Nf3 d6 3. d4 cxd4 4. Nxd4 Nf6 5. Nc3 a6 6. Bg5 e6 7. f4 Qb6 8. Qd3
Nc6 9. Nxc6 bxc6 10. Be2 Nd7 11. Bh4 Rb8 12. Rb1 d5 13. Bf2 Bc5 14. O-O Bxf2+
15. Rxf2 O-O 16. Na4 Qb4 17. b3 dxe4 18. Qc4 Qxc4 19. Bxc4 Nb6 20. Nb2 Nd5 21.
Rd1 Bb7 22. Na4 Ne3 23. Rd4 Nf5 24. Rxe4 c5 25. Re5 Rfd8 26. Nxc5 Rd1+ 27. Rf1
Rd2 28. Nxb7 Rxb7 29. Bxa6 Ra7 30. Bd3 Rxa2 31. Bxf5 1-0

[Event "OBEM 2015"]
[Site "Germany , Bremen"]
[Date "2015.03.31"]
[Round "5.28"]
[White "Burblies, Andreas"]
[Black "Hoffer, Hayo"]
[Result "0-1"]
[WhiteElo "1604"]
[BlackElo "1857"]
[PlyCount "70"]

1. d4 Nf6 2. c4 e6 3. Nf3 b6 4. g3 Bb7 5. Bg2 c5 6. e3 cxd4 7. exd4 d5 8. O-O
dxc4 9. Ne5 Bxg2 10. Kxg2 Qd5+ 11. Kg1 b5 12. Nc3 Qb7 13. Qf3 Qxf3 14. Nxf3 b4
15. Nb5 Nd5 16. Bf4 Nd7 17. Nd6+ Bxd6 18. Bxd6 Rc8 19. a3 b3 20. Rac1 Rc6 21.
Bf4 Nxf4 22. gxf4 f6 23. Nd2 O-O 24. Rxc4 Rxc4 25. Nxc4 Rc8 26. Ne3 a5 27. Rd1
Nb6 28. Rd2 Nd5 29. Rd3 a4 30. Nxd5 exd5 31. Rd1 Rc2 32. Rb1 Kf7 33. f5 Rd2 34.
Rc1 Rxb2 35. Rc7+ Ke8 0-1

[Event "OBEM 2015"]
[Site "Germany , Bremen"]
[Date "2015.03.31"]
[Round "5.38"]
[White "Proske, Matthias"]
[Black "Buchloh, Adrian"]
[Result "0-1"]
[WhiteElo "1407"]
[BlackElo "1611"]
[PlyCount "82"]

1. c4 e5 2. Nc3 d6 3. g3 Be6 4. Bg2 Nc6 5. Nd5 Qd7 6. d3 Nd8 7. h4 c6 8. Nc3 g6
9. Nh3 Bg7 10. Ng5 f5 11. O-O Nf6 12. Nxe6 Nxe6 13. Rb1 O-O 14. b4 f4 15. b5
fxg3 16. fxg3 Nh5 17. Rxf8+ Rxf8 18. Kh2 Qf7 19. Be3 Nxg3 20. bxc6 bxc6 21.
Kxg3 e4 22. Kh2 Be5+ 23. Kh1 Bxc3 24. d4 d5 25. cxd5 cxd5 26. Qg1 Qf6 27. Qh2
Bxd4 28. Rf1 Qg7 29. Rxf8+ Kxf8 30. Qd6+ Qe7 31. Qb8+ Kf7 32. Bxd4 Nxd4 33.
Qf4+ Nf5 34. Kg1 Qxh4 35. Qc7+ Qe7 36. Qf4 Qc5+ 37. Kf1 Qe3 38. Qc7+ Kg8 39.
Qd8+ Kg7 40. Qxd5 Ng3+ 41. Ke1 Qxe2# 0-1

[Event "OBEM 2015"]
[Site "Germany , Bremen"]
[Date "2015.03.31"]
[Round "5.39"]
[White "Weinitschke, Harald"]
[Black "Gerken, Juergen"]
[Result "0-1"]
[WhiteElo "1341"]
[BlackElo "1599"]
[PlyCount "88"]

1. Nf3 d5 2. d4 Nf6 3. c4 c6 4. e3 Bf5 5. cxd5 cxd5 6. Bd3 Bxd3 7. Qxd3 Nc6 8.
a3 e6 9. O-O Bd6 10. Nc3 a6 11. b4 b5 12. Bb2 O-O 13. Rac1 Qd7 14. Rc2 Rfe8 15.
Rfc1 Rac8 16. e4 Bf4 17. Re1 dxe4 18. Nxe4 Nxe4 19. Rxe4 Bh6 20. Re1 Ne7 21. g4
Rxc2 22. Qxc2 Rc8 23. Qe4 g6 24. Rd1 Qd5 25. Qxd5 Nxd5 26. Ne5 Rc2 27. Nd3 Nb6
28. Bc1 Bxc1 29. Rxc1 Rxc1+ 30. Nxc1 Nc4 31. Nb3 Nxa3 32. Nc5 Nc2 33. Nxa6 Nxd4
34. Nc7 e5 35. Kf1 Kf8 36. Ke1 Ke7 37. Nd5+ Kd6 38. Nc3 Kc6 39. h3 Nc2+ 40. Kd2
Nxb4 41. Ke3 Nd5+ 42. Kd3 Nxc3 43. Kxc3 Kc5 44. f3 g5 0-1

[Event "OBEM 2015"]
[Site "Germany , Bremen"]
[Date "2015.03.31"]
[Round "5.27"]
[White "Kollars, Michael"]
[Black "Lange, Martin"]
[Result "0-1"]
[WhiteElo "1632"]
[BlackElo "1869"]
[PlyCount "58"]

1. g3 Nf6 2. Bg2 e5 3. d3 d5 4. Nd2 Bc5 5. h3 c6 6. e3 O-O 7. Ne2 Bf5 8. b3 Qb6
9. Bb2 Nbd7 10. O-O Rfe8 11. a4 a5 12. d4 Bd6 13. c4 exd4 14. exd4 Bd3 15. c5
Bxe2 16. cxb6 Bxd1 17. Raxd1 Bb4 18. Bf3 Nxb6 19. g4 Re7 20. g5 Ne4 21. Nxe4
dxe4 22. Bg4 Nd5 23. Rc1 Bd2 24. Rc5 Bxg5 25. Ba3 Ree8 26. Rd1 Be7 27. Bd7 Red8
28. Bf5 Bxc5 29. Bxc5 e3 0-1

[Event "OBEM 2015"]
[Site "Germany , Bremen"]
[Date "2015.03.31"]
[Round "5.29"]
[White "Buhrdorf, Axel"]
[Black "Zhong, Xianghui"]
[Result "1/2-1/2"]
[WhiteElo "1813"]
[BlackElo "1817"]
[PlyCount "80"]

1. e4 c5 2. Nf3 d6 3. d4 cxd4 4. Nxd4 Nf6 5. Nc3 g6 6. Be2 Bg7 7. O-O O-O 8.
Be3 Nc6 9. h3 a6 10. Qd2 Bd7 11. Rad1 Rc8 12. f4 b5 13. a3 Na5 14. e5 Ne8 15.
Nf3 Nc4 16. Bxc4 Rxc4 17. b3 Rc8 18. Nd5 Bf5 19. Bb6 Qd7 20. Nd4 Be4 21. Nc3
Ba8 22. Nf3 Qb7 23. Bd4 dxe5 24. fxe5 Nc7 25. Qf2 Ne6 26. Nb1 Nxd4 27. Rxd4 Qc7
28. c4 Bxf3 29. Qxf3 Bxe5 30. Rh4 bxc4 31. bxc4 Bf6 32. Rg4 Qc6 33. Nd2 Rfd8
34. Ne4 Kg7 35. Nxf6 exf6 36. Qc3 Rd6 37. Rgf4 Re8 38. R1f2 Re5 39. Rxf6 Rxf6
40. Qxe5 Qe6 1/2-1/2

[Event "OBEM 2015"]
[Site "Germany , Bremen"]
[Date "2015.03.31"]
[Round "5.2"]
[White "Balazs, Balint"]
[Black "Margraf, Daniel"]
[Result "0-1"]
[WhiteElo "1940"]
[BlackElo "2291"]
[PlyCount "104"]

1. e4 e5 2. Bc4 Nf6 3. d3 c6 4. Nf3 d5 5. Bb3 a5 6. a3 Bd6 7. Nc3 dxe4 8. Ng5
O-O 9. Ngxe4 Nxe4 10. Nxe4 Bf5 11. O-O Bg6 12. Kh1 Be7 13. Qe2 Nd7 14. f4 exf4
15. Bxf4 Nc5 16. Nxc5 Bxc5 17. Qg4 Bd4 18. c3 Bf6 19. d4 Qb6 20. Bc4 Qxb2 21.
Qg3 Qb6 22. Bc7 Qa7 23. Rae1 b5 24. Bb3 Rac8 25. Be5 Bxe5 26. Rxe5 b4 27. axb4
axb4 28. Rfe1 bxc3 29. Qxc3 Rcd8 30. Qxc6 Qxd4 31. h3 Qb4 32. Qc7 h6 33. R5e3
Rd3 34. Qg3 Qxb3 35. Rxd3 Qxd3 36. Re3 Qb1+ 37. Re1 Qb8 38. Qe3 Kh7 39. Qe7 f5
40. Qh4 f4 41. Qg4 Rf6 42. h4 h5 43. Qf3 Qd6 44. Rd1 Qe7 45. Rd5 Qe1+ 46. Kh2
Qxh4+ 47. Kg1 Re6 48. Rd1 Re1+ 49. Rxe1 Qxe1+ 50. Kh2 Qh4+ 51. Kg1 Qg3 52. Qb7
f3 0-1

[Event "OBEM 2015"]
[Site "Germany , Bremen"]
[Date "2015.03.31"]
[Round "5.26"]
[White "Traetmar, Mattis"]
[Black "Dietrich, Igor"]
[Result "1-0"]
[WhiteElo "1689"]
[BlackElo "1880"]
[PlyCount "136"]

1. e4 c6 2. d4 d5 3. Nc3 dxe4 4. Nxe4 Bf5 5. Ng3 Bg6 6. h4 h5 7. N1e2 e6 8. Nf4
Bh7 9. Ngxh5 Nd7 10. Be3 Ngf6 11. Nxf6+ Nxf6 12. Be2 Bd6 13. h5 Ne4 14. h6 g5
15. Nh5 Kd7 16. Bf3 Qe7 17. Bxe4 Bxe4 18. Qd2 f6 19. f3 Bg6 20. O-O-O Kc7 21.
Ng7 Rad8 22. Qa5+ Kb8 23. d5 c5 24. Nxe6 b6 25. Qd2 Rd7 26. Rhe1 Qf7 27. Rh1
Bf5 28. Ng7 Bh7 29. f4 gxf4 30. Bxf4 Qg6 31. Rh5 Kb7 32. Be3 Rhd8 33. g4 Qxg4
34. Rg1 Qe4 35. Kb1 Be5 36. Ne6 Rxd5 37. Nxd8+ Rxd8 38. Qf2 Qd5 39. Rg7+ Rd7
40. Rxd7+ Qxd7 41. Rh1 Bf5 42. Qg2+ Ka6 43. Qe2+ Kb7 44. Rd1 Qc6 45. Qd2 Qb5
46. b3 a5 47. Qd5+ Kc7 48. Qd8+ Kb7 49. Qe7+ Ka6 50. h7 Qe2 51. Rc1 Bxh7 52.
Qxh7 Qxe3 53. Qd3+ Qxd3 54. cxd3 Kb5 55. Rc4 Bd4 56. Kc2 f5 57. Kd2 f4 58. Ke2
Kc6 59. Rc2 Kb5 60. Kf3 Be3 61. Rc4 Ka6 62. a4 b5 63. Rxf4 Bxf4 64. Kxf4 Kb6
65. Ke4 Kc6 66. Ke5 c4 67. axb5+ Kxb5 68. dxc4+ Kc5 {
Schwarz verliert hier aufgrund Zeitüberschreitung} 1-0

[Event "OBEM 2015"]
[Site "Germany , Bremen"]
[Date "2015.03.31"]
[Round "5.14"]
[White "Veit, Ingo"]
[Black "Bonacic, Jascha"]
[Result "1/2-1/2"]
[WhiteElo "2001"]
[BlackElo "1861"]
[PlyCount "147"]

1. e4 d5 2. exd5 Qxd5 3. Nc3 Qa5 4. d4 Nf6 5. Nf3 Bf5 6. Bd3 Bxd3 7. Qxd3 Nc6
8. Be3 O-O-O 9. O-O Qh5 10. Ne2 e5 11. Ng3 Qg4 12. Qf5+ Qxf5 13. Nxf5 Ng4 14.
Nxe5 Ncxe5 15. dxe5 Nxe5 16. Rad1 Rxd1 17. Rxd1 g6 18. Bg5 Nd7 19. Re1 Bc5 20.
Ne7+ Bxe7 21. Bxe7 Re8 22. Kf1 Nb6 23. Bg5 Rxe1+ 24. Kxe1 Kd7 25. Ke2 f5 26.
Kd3 c5 27. b3 Kc6 28. a4 Nc8 29. Bf4 a6 30. f3 b5 31. axb5+ axb5 32. Bd2 Nb6
33. Ba5 Nd5 34. g3 Nf6 35. Bd8 Nd5 36. c3 Kd7 37. Bg5 Kc6 38. Bd2 Nb6 39. g4
fxg4 40. fxg4 Kd5 41. Ke3 Ke5 42. Kf3 c4 43. b4 Nd5 44. Bh6 Kf6 45. Be3 Nxe3
46. Kxe3 Kg5 47. Kd4 Kf4 48. Kc5 Ke4 49. Kxb5 Kd3 50. Ka6 Kxc3 51. b5 Kd3 52.
b6 c3 53. b7 c2 54. b8=Q c1=Q 55. Qd6+ Ke2 56. Qe7+ Kf3 57. Qxh7 Qc6+ 58. Ka7
Kxg4 59. Qh6 Qa4+ 60. Kb7 Qe4+ 61. Ka6 Qe6+ 62. Kb7 Qe7+ 63. Ka6 Qf6+ 64. Kb7
Qb2+ 65. Kc8 Qc3+ 66. Kd7 Qf6 67. Ke8 Qe5+ 68. Kf7 g5 69. Qe6+ Qf5+ 70. Qxf5+
Kxf5 71. Kg7 Kg4 72. Kg6 Kh4 73. h3 Kxh3 74. Kxg5 1/2-1/2

[Event "OBEM 2015"]
[Site "Germany , Bremen"]
[Date "2015.03.31"]
[Round "5.21"]
[White "Pautz, Peter"]
[Black "Friesen, Walter"]
[Result "1-0"]
[WhiteElo "2082"]
[BlackElo "1764"]
[PlyCount "121"]

1. d4 Nf6 2. Bg5 d5 3. e3 Nbd7 4. Nf3 e6 5. Bd3 Bd6 6. c3 c6 7. Nbd2 Qc7 8. Qe2
h6 9. Bh4 b6 10. e4 dxe4 11. Nxe4 Nxe4 12. Qxe4 Bb7 13. Qe2 a5 14. O-O c5 15.
Bg3 Bxf3 16. Qxf3 O-O 17. Bxd6 Qxd6 18. dxc5 Qxc5 19. Be4 Rad8 20. Rad1 Nf6 21.
Bc2 Qc7 22. h3 Rxd1 23. Rxd1 Rd8 24. Rxd8+ Qxd8 25. Qc6 Nd5 26. Kf1 Kf8 27. Ke1
Ke7 28. g3 Qc7 29. Qxc7+ Nxc7 30. Kd2 Kd6 31. Ke3 Ke5 32. f4+ Kd6 33. Kd4 f6
34. Bb3 Nb5+ 35. Ke4 Nc7 36. Bc4 Kc5 37. Be2 Ne8 38. a3 Nd6+ 39. Kd3 Nf5 40. g4
Ne7 41. Ke4 g5 42. b4+ Kd6 43. fxg5 hxg5 44. Kd4 Kc6 45. a4 Kd6 46. Kc4 axb4
47. cxb4 f5 48. gxf5 exf5 49. a5 bxa5 50. bxa5 Nc6 51. a6 Kc7 52. Kd5 Kb6 53.
Bf1 f4 54. Ke4 Ka7 55. Kf5 Nd4+ 56. Kxg5 f3 57. Kf4 Kb6 58. h4 Ka7 59. h5 Kb6
60. Ke4 Ne6 61. Kxf3 1-0

[Event "OBEM 2015"]
[Site "Germany , Bremen"]
[Date "2015.03.31"]
[Round "5.33"]
[White "Bilau, Max"]
[Black "Ernst, Herwarth"]
[Result "1-0"]
[WhiteElo "1536"]
[BlackElo "1950"]
[PlyCount "145"]

1. d4 d5 2. c4 e6 3. Nc3 Nf6 4. Bg5 Be7 5. e3 c6 6. Nf3 Nbd7 7. Be2 h6 8. Bh4
O-O 9. O-O dxc4 10. Bxc4 b5 11. Be2 a6 12. a3 c5 13. dxc5 Nxc5 14. b4 Ncd7 15.
Rc1 Bb7 16. Nd4 Nb6 17. Bg3 Rc8 18. Qb3 Nbd5 19. Bf3 Qb6 20. Nxd5 Nxd5 21. Be5
Bf6 {(=)} 22. Bxf6 Nxf6 23. Bxb7 Qxb7 24. Rfd1 Rc7 25. Qb2 Rfc8 26. Ne2 Rc4 27.
Rxc4 Rxc4 28. Rd8+ Kh7 29. Qb1+ g6 30. Qb2 Qc7 31. Rd1 Ng4 32. Ng3 Rc2 33. Qd4
Nxf2 34. Rf1 e5 35. Qd5 Qa7 36. Rxf2 Qxe3 37. Qxf7+ Kh8 38. Nf1 Qd4 39. Qf8+
Kh7 40. Qf7+ Kh8 41. Qf3 Kg7 42. Qe3 Rc3 43. Qxd4 exd4 44. Rf3 d3 45. Kf2 Rxa3
46. Ke3 Rb3 47. Rf4 g5 48. Rd4 Kf7 49. Rd6 Rxb4 50. Rxa6 h5 51. Kxd3 Rb2 52.
Nd2 b4 53. g3 Kg7 54. Rb6 Kh7 55. h3 g4 56. h4 Kg7 57. Ne4 Rb3+ 58. Kc2 Re3 59.
Rxb4 Kg6 60. Kd2 Ra3 61. Rb5 Rf3 62. Ke2 Ra3 63. Rd5 Rb3 64. Rd3 Rb4 65. Ke3
Kf5 66. Rd5+ Kg6 67. Kf4 Rb8 68. Rd6+ Kg7 69. Rc6 Rb4 70. Kf5 Rb5+ 71. Rc5 Rb6
72. Re5 Rb3 73. Kg5 1-0

[Event "OBEM 2015"]
[Site "Germany , Bremen"]
[Date "2015.03.31"]
[Round "5.12"]
[White "Lai Hop, Long"]
[Black "Bokelmann, Joachim"]
[Result "1/2-1/2"]
[WhiteElo "1796"]
[BlackElo "2022"]
[PlyCount "116"]

1. e4 e6 2. d4 d5 3. Nc3 dxe4 4. Nxe4 Qd5 5. Nc3 Bb4 6. Nf3 Nf6 7. Bd3 Ne4 8.
Bd2 Nxd2 9. Qxd2 Bxc3 10. Qxc3 Nc6 11. O-O O-O 12. Rfe1 Bd7 13. a3 Rfd8 14.
Rad1 Rac8 15. Ne5 Be8 16. Be4 Qd6 17. Nxc6 Bxc6 18. Bxc6 Qxc6 19. Qxc6 bxc6 20.
Kf1 Kf8 21. Ke2 Rd5 22. c4 Rh5 23. h3 Rd8 {(=)} 24. Rd3 c5 25. g4 Rh6 26. d5 e5
27. Rb3 Rb6 28. Rxb6 axb6 29. Kd3 f6 30. g5 Kf7 31. gxf6 gxf6 32. Ke4 Rg8 33.
Rd1 Ke7 34. b4 Ra8 35. bxc5 bxc5 36. Rd3 Ra4 37. Rc3 Kf7 38. Kf5 h6 39. h4 h5
40. f3 Kg7 41. Ke6 Kg6 42. Kd7 Ra7 43. Kc6 Kf5 44. Kxc5 e4 45. fxe4+ Kxe4 46.
d6 cxd6+ 47. Kxd6 Kd4 48. Rc1 Ra6+ 49. Kd7 Kc5 50. Rf1 Kxc4 51. Ke7 Rxa3 52.
Kxf6 Ra6+ 53. Kf7 Ra5 54. Kg6 Kd4 55. Rf8 Ke4 56. Rf1 Rb5 57. Kh6 Ra5 58. Rb1
Kf4 1/2-1/2

[Event "OBEM 2015"]
[Site "Germany , Bremen"]
[Date "2015.03.31"]
[Round "5.13"]
[White "Klemm, Robert"]
[Black "Meyer, Thorsten"]
[Result "1/2-1/2"]
[WhiteElo "1860"]
[BlackElo "2004"]
[PlyCount "130"]

1. d4 Nf6 2. c4 d6 3. Nc3 g6 4. e4 Bg7 5. f3 O-O 6. Be3 c6 7. Bd3 e5 8. Nge2
Nbd7 9. Qd2 Re8 10. g4 exd4 11. Nxd4 Nf8 12. g5 N6d7 13. h4 Nb6 14. O-O-O d5
15. exd5 cxd5 16. c5 Nc4 17. Bxc4 dxc4 18. Ndb5 Qxd2+ 19. Bxd2 Ne6 20. Nd6 Rd8
21. Nce4 Nxc5 22. Ba5 Nxe4 23. Nxe4 Rxd1+ 24. Rxd1 Bf5 25. Bc3 Bxc3 26. Nxc3
Bd3 27. Re1 Rd8 28. Re7 Rb8 29. Nb5 c3 30. Nd6 c2 31. Re3 Ba6 32. Kxc2 Rd8 33.
Ne8 Bc4 34. Nf6+ Kg7 35. Re7 Rb8 36. a3 h6 37. Kc3 hxg5 38. hxg5 Be6 39. Kb4 a6
40. Ka5 Rc8 41. Kb6 Rc2 42. Re8 Rc8 43. Rxc8 Bxc8 44. Kc7 Bh3 45. Kxb7 Bf1 46.
a4 Kf8 47. Nd7+ Ke7 48. Nc5 Bg2 49. Kxa6 Bxf3 50. Kb6 f5 51. gxf6+ Kxf6 52. a5
g5 53. a6 g4 54. Nb7 g3 55. a7 Bxb7 56. Kxb7 g2 57. a8=Q g1=Q 58. Qf8+ Ke5 59.
b4 Qb1 60. Qc5+ Ke4 61. b5 Qb3 62. Qc6+ Ke3 63. b6 Kf2 64. Kb8 Qg8+ 65. Qc8
Qg3+ 1/2-1/2

[Event "OBEM 2015"]
[Site "Germany , Bremen"]
[Date "2015.03.31"]
[Round "5.18"]
[White "Heldt, Nils-Lennart"]
[Black "Lubbe, Alexander"]
[Result "1/2-1/2"]
[WhiteElo "1708"]
[BlackElo "1905"]
[PlyCount "90"]

1. d4 Nf6 2. c4 c5 3. d5 e6 4. Nc3 exd5 5. cxd5 d6 6. e4 g6 7. f4 Qe7 8. Bb5+
Nbd7 9. Qe2 a6 10. Bxd7+ Nxd7 11. Nf3 Bg7 12. a4 O-O 13. O-O f5 14. Ng5 Bd4+
15. Kh1 Nf6 16. e5 dxe5 17. Qc4 Kg7 18. fxe5 Ng4 19. Bf4 b5 20. Qe2 b4 21. d6
Qb7 22. Nd1 Qd5 23. e6 h6 24. e7 Re8 25. Nf3 g5 26. Bg3 f4 27. Bxf4 gxf4 28. h3
Nf6 29. Nxd4 Qxd4 30. Qf3 Ra7 31. Nf2 Bb7 32. Qd3 Ne4 33. Qxd4+ cxd4 34. d7
Ng3+ 35. Kg1 Raa8 36. dxe8=Q Rxe8 37. Rfe1 Kf7 38. Nd3 Rxe7 39. Rxe7+ Kxe7 40.
Nxf4 Kd6 41. Rd1 a5 42. Kh2 Ne4 43. Ne2 Nc5 44. Nxd4 Nxa4 45. Nb3+ Bd5 1/2-1/2

[Event "OBEM 2015"]
[Site "Germany , Bremen"]
[Date "2015.03.31"]
[Round "5.10"]
[White "Mueller, Wolfgang"]
[Black "Gebur, Thomas"]
[Result "1/2-1/2"]
[WhiteElo "2025"]
[BlackElo "1870"]
[PlyCount "81"]

1. e4 c5 2. Nf3 Nc6 3. d4 cxd4 4. Nxd4 Nf6 5. Nc3 e5 6. Ndb5 d6 7. Nd5 Nxd5 8.
exd5 Nb8 9. Qf3 Be7 10. Bd2 O-O 11. c4 a6 12. Qa3 Nd7 13. Bb4 Nc5 14. Nc3 Bf5
15. Rd1 Ne4 16. Nxe4 Bxe4 17. Bd3 Bxd3 18. Rxd3 b5 19. cxb5 axb5 20. Qb3 Qc8
21. O-O f5 22. Rc3 Qe8 23. Rc6 Qg6 24. Rfc1 f4 25. Kf1 f3 26. gxf3 Qh6 27. a3
Qh3+ 28. Ke2 e4 29. R1c3 Qxh2 30. Re3 Bh4 31. Bxd6 Qxf2+ 32. Kd1 Qf1+ 33. Kc2
Rxf3 34. Bc5 Rf2+ 35. Kc3 Qc1+ 36. Kd4 Bf6+ 37. Rxf6 Rxf6 38. d6+ Kh8 39. Qxb5
Qd2+ 40. Ke5 Qh2+ 41. Kd4 1/2-1/2

[Event "OBEM 2015"]
[Site "Germany , Bremen"]
[Date "2015.03.31"]
[Round "5.4"]
[White "Erofeev, Anastasia"]
[Black "Hundack, Rolf"]
[Result "0-1"]
[WhiteElo "1864"]
[BlackElo "2246"]
[PlyCount "102"]

1. e4 e5 2. Nf3 Nc6 3. Bc4 Be7 4. Nc3 Nf6 5. d3 d6 6. h3 O-O 7. O-O Be6 8. Bd5
Qd7 9. Ng5 h6 10. Nxe6 fxe6 11. Bxc6 Qxc6 12. f4 exf4 13. Rxf4 b5 14. Be3 b4
15. Ne2 Qe8 16. Rf3 Nh7 17. Nf4 {(=)} Bf6 18. Rb1 c5 19. Rg3 Bh4 20. Rf3 Bg5
21. c3 Bxf4 22. Rxf4 Rxf4 23. Bxf4 e5 24. Be3 a5 25. a3 Rb8 26. cxb4 axb4 27.
Qb3+ Qf7 28. Qxf7+ Kxf7 29. a4 Ra8 30. b3 Nf6 31. Kf2 Ke6 32. Ke2 Ra5 33. Rc1
Nd7 34. Rf1 Nf6 35. Rc1 Kd7 36. g4 Kc6 37. g5 hxg5 38. Bxg5 Ne8 39. Rf1 Ra7 40.
Rf8 Nc7 41. Rf7 Ra8 42. Be3 Rh8 43. Rf3 Ne6 44. Rg3 g5 45. Kf3 Nf4 46. Kg4 Nxd3
47. Kxg5 c4 48. Kf6 cxb3 49. Bd4 b2 50. Bxb2 Nxb2 51. Kg7 Rh4 0-1

[Event "OBEM 2015"]
[Site "Germany , Bremen"]
[Date "2015.03.31"]
[Round "5.8"]
[White "Buescher, Andre"]
[Black "Rieping, Heiner"]
[Result "1/2-1/2"]
[WhiteElo "2076"]
[BlackElo "1878"]
[PlyCount "78"]

1. e4 d5 2. exd5 Qxd5 3. Nf3 Bg4 4. Be2 Nc6 5. O-O Nf6 6. d4 O-O-O 7. Be3 Qf5
8. c4 e6 9. Nbd2 Bb4 10. Nb3 Bd6 11. d5 Qh5 12. h3 Bxh3 13. gxh3 Qxh3 14. c5
Nxd5 15. cxd6 Rxd6 16. Rc1 Nxe3 17. fxe3 Qg3+ 18. Kh1 Rxd1 19. Rcxd1 Qh3+ 20.
Kg1 Qg3+ 21. Kh1 Ne5 22. Nxe5 Qh3+ 23. Kg1 Qxe3+ 24. Rf2 Qxe5 25. Bf3 Qg5+ 26.
Bg2 Qe3 27. Kf1 f5 28. Rf3 Qe5 29. Rfd3 Qxb2 30. Nc5 c6 31. Nxe6 Qb5 32. Kg1
Qb6+ 33. Kh1 g6 34. Rd7 Re8 35. Rxh7 Rxe6 36. Rh8+ Kc7 37. Rh7+ Kc8 38. Rh8+
Kc7 39. Rh7+ Kc8 1/2-1/2

[Event "OBEM 2015"]
[Site "Germany , Bremen"]
[Date "2015.03.31"]
[Round "5.3"]
[White "Issing, Peter"]
[Black "Steingraeber, Kai Uwe"]
[Result "1/2-1/2"]
[WhiteElo "2208"]
[BlackElo "2203"]
[PlyCount "86"]

1. d4 Nf6 2. c4 g6 3. Nc3 Bg7 4. e4 d6 5. Be2 O-O 6. Nf3 e5 7. O-O Nc6 8. d5
Ne7 9. b4 a5 10. bxa5 c5 11. Nd2 Rxa5 12. Nb3 Ra6 13. Bd2 Ne8 14. a4 f5 15. a5
Nf6 16. f3 f4 17. Na4 Nd7 18. Nc1 g5 19. Nd3 h5 20. Nf2 Kh8 21. Qb3 Ng8 22.
Rfb1 Nh6 23. Qd1 Rf6 24. h3 Rg6 25. Ra3 g4 26. fxg4 hxg4 27. Nxg4 Qg5 28. Be1
Nxg4 29. hxg4 Rh6 30. Nb6 Nxb6 31. Rxb6 Ra8 32. Rbb3 Kg8 33. Rh3 Qg6 34. Rxh6
Bxh6 35. Bf3 Bg5 36. Ra1 Bd8 37. Kf1 Kg7 38. Ke2 Bxg4 39. Kd3 Bc8 40. Bc3 Qg3
41. Be1 Qg5 42. Bc3 Qg3 43. Be1 Qg5 1/2-1/2

[Event "OBEM 2015"]
[Site "Germany , Bremen"]
[Date "2015.03.31"]
[Round "5.6"]
[White "Bertram, Karsten"]
[Black "Beinke, Lukas"]
[Result "1-0"]
[WhiteElo "2133"]
[BlackElo "1958"]
[PlyCount "99"]

1. d4 Nf6 2. Nc3 d5 3. f3 c5 4. Bg5 e6 5. e4 cxd4 6. Qxd4 Be7 7. exd5 Nc6 8.
Bb5 O-O 9. Bxc6 bxc6 10. d6 Qxd6 11. Qxd6 Bxd6 12. Bxf6 gxf6 13. O-O-O Rd8 14.
Nge2 Ba6 15. Nd4 Rac8 16. g3 Be5 17. Nde2 f5 18. b3 Kf8 19. Rxd8+ Rxd8 20. Rd1
Rxd1+ 21. Kxd1 Ke7 22. Kd2 Kd6 23. Nc1 Bd4 24. Nd3 e5 25. Ne2 Bb6 26. c4 e4 27.
fxe4 fxe4 28. Ndf4 Bc8 29. b4 Ke5 30. Kc3 Be3 31. a4 Bg4 32. b5 cxb5 33. axb5
h5 34. Kb4 Kd6 35. Nc3 Bd2 36. c5+ Ke5 37. Kc4 Bxf4 38. gxf4+ Kxf4 39. Kd4 Bf5
40. b6 axb6 41. cxb6 Bc8 42. Nxe4 h4 43. Nd6 Ba6 44. Kc5 Kg4 45. Kb4 f5 46. Ka5
f4 47. Kxa6 f3 48. Ne4 Kf4 49. Nf2 Ke3 50. Nh3 1-0

[Event "OBEM 2015"]
[Site "Germany , Bremen"]
[Date "2015.03.31"]
[Round "5.47"]
[White "Laubrock, Sophia"]
[Black "Kueck, Alexander"]
[Result "1-0"]
[WhiteElo "1492"]
[BlackElo "1133"]
[PlyCount "95"]

1. d4 d5 2. c4 dxc4 3. e4 e6 4. Bxc4 Nf6 5. Nc3 Bb4 6. Nge2 Nxe4 7. O-O Bxc3 8.
Nxc3 Nd6 9. Be2 Nc6 10. d5 exd5 11. Qxd5 Be6 12. Qf3 Nd4 13. Qh5 Nxe2+ 14. Qxe2
Qd7 15. Bf4 O-O-O 16. Rfd1 h5 17. Ne4 Qe7 18. Nxd6+ cxd6 19. Rac1+ Kb8 20. a4
g5 21. Bd2 d5 22. b4 f5 23. Qe5+ Ka8 24. Rc7 Qd6 25. Qxd6 Rxd6 26. Bxg5 Kb8 27.
Re7 Rc6 28. b5 Rb6 29. a5 Rxb5 30. Rxe6 Rxa5 31. Re5 a6 32. Rxf5 b5 33. Rfxd5
Ka7 34. f4 Rg8 35. Be7 Rg4 36. Rf1 Ra4 37. f5 Rae4 38. f6 Ref4 39. Rf5 Rxf5 40.
Rxf5 Rc4 41. f7 Rc1+ 42. Rf1 Rc8 43. f8=Q Rxf8 44. Rxf8 Kb6 45. Rf6+ Ka5 46.
Bd8+ Kb4 47. Rxa6 Kc4 48. Be7 1-0

[Event "OBEM 2015"]
[Site "Germany , Bremen"]
[Date "2015.03.31"]
[Round "5.24"]
[White "Sommer, Andreas"]
[Black "Ditmas, Hugh"]
[Result "1/2-1/2"]
[WhiteElo "1723"]
[BlackElo "1893"]
[PlyCount "69"]

1. d4 Nf6 2. c4 e6 3. Nc3 Bb4 4. e3 O-O 5. Bd3 b6 6. Nge2 Bb7 7. O-O d5 8. a3
Bd6 9. cxd5 exd5 10. Ng3 Re8 11. Nf5 Bf8 12. Bd2 g6 13. Ng3 Bg7 14. Rc1 a6 15.
Nce2 Nbd7 16. b4 Rc8 17. Qb3 b5 18. a4 bxa4 19. Qxa4 Nb6 20. Qb3 h5 21. Rfd1
Bf8 22. b5 axb5 23. Bxb5 h4 24. Nf1 c6 25. Bd3 Bd6 26. Ba5 Bc7 27. Rb1 Nbd7 28.
Bxc7 Rxc7 29. Nf4 Kg7 30. Be2 Qe7 31. Qb4 Nf8 32. Qxe7 Rexe7 33. Nd2 g5 34.
Nh5+ Nxh5 35. Bxh5 1/2-1/2